Argentino hasta la muerte /

Guardado en:
Autor Principal: Fernández Moreno, César
Formato: Libro
Publicado: Buenos Aires : Sudamericana, 1963
Materias:
Etiquetas: Agregar Etiqueta
Sin Etiquetas, Sea el primero en etiquetar este registro!
LEADER 00571nam a22001935a 4500
001 CEM.cems002440
005 20110506202521.0
008 130507s1963##################000#0#####d
003 CEMS
082 0 4 |a A861.4 
100 1 |a Fernández Moreno, César 
245 1 0 |a Argentino hasta la muerte /  |c César Fernández Moreno 
260 |a Buenos Aires :  |b Sudamericana,  |c 1963 
300 |a 115 p. 
653 |a Literatura 
653 |a Literatura argentina 
653 |a Poesía argentina-siglo 20 
653 |a Poesías 
859 |a CEMS  |b BIB. CEMS - 11 de abril  |h A861.4  |i F391-3  |p 8533.80  |t Ej.1